Catálogo
 En Linea

Deportados: el rostro humano de una realidad social. (Registro nro. 35273)

Detalles MARC
000 -CABECERA
campo de control de longitud fija 00343nam a2200121 a 4500
005 - FECHA Y HORA DE LA ÚLTIMA TRANSACCIÓN
campo de control 20200930074615.0
008 - DATOS DE LONGITUD FIJA--INFORMACIÓN GENERAL
campo de control de longitud fija 111110s2011 000 spa d
020 ## - NÚMERO INTERNACIONAL ESTÁNDAR DEL LIBRO
Número Internacional Estándar del Libro 9789945164350
040 ## - FUENTE DE LA CATALOGACIÓN
Centro catalogador/agencia de origen DO-SdBNP
100 ## - ENTRADA PRINCIPAL--NOMBRE DE PERSONA
Nombre de persona Belliard, Marianella
9 (RLIN) 61726
245 #0 - MENCIÓN DE TÍTULO
Título Deportados: el rostro humano de una realidad social.
260 ## - PUBLICACIÓN, DISTRIBUCIÓN, ETC.
Lugar de publicación, distribución, etc. Santo Domingo,
Fecha de publicación, distribución, etc. 2011.

No hay ítems disponibles.

Con tecnología Koha